Länder, die mit W beginnen ("Fan" Version) - Statistiken

Allgemein
  • Dieses Quiz wurde 244 mal gespielt
  • Das Durchschnittsergebnis liegt bei 3 aus 5
Antwortstatistiken
Tipp Antwort % Korrekt
Mittlerweile Belarus Weißrussland
98%
Teil des Vereinigten Königreichs Wales
97%
Von Marokko beansprucht Westsahara
64%
In Palästina Westjordanland
42%
Teil von Samoa Westsamoa
15%
Keine übereinstimmenden Quizze gefunden
Verteilung der Resultate
Anzahl Personen mit jedem Resultat
Perzentil nach korrekt beantworteten Fragen
Ihre Resultats-Entwicklung
Sie haben dieses Quiz noch nicht gespielt